Loading...
Cilappatikāram : the tale of an anklet
Papers presented at a seminar on Cilappatikāram by Iḷaṅkōvaṭikaḷ, ancient epic poetry.
| Main Author: | |
|---|---|
| Format: | Printed Book |
| Published: |
London :
Penguin Books, ;
2004.
|
| Edition: | 1. patippu. |
| Subjects: |
| LEADER | 00615cam a2200157 a 4500 | ||
|---|---|---|---|
| 082 | |a 894.811 |b ILA/C | ||
| 100 | |a Ilanko atikal. | ||
| 245 | 0 | 0 | |a Cilappatikāram : |b the tale of an anklet |
| 250 | |a 1. patippu. | ||
| 260 | |a London : |b Penguin Books, ; |c 2004. | ||
| 300 | |a xx,419p.; | ||
| 520 | |a Papers presented at a seminar on Cilappatikāram by Iḷaṅkōvaṭikaḷ, ancient epic poetry. | ||
| 650 | |a Tamil literature |v Stories/Fiction | ||
| 942 | |c BK | ||
| 999 | |c 100346 |d 100346 | ||
| 952 | |0 0 |1 0 |4 0 |6 894_811000000000000_ILA_C |7 0 |9 93683 |a SSS |b SSS |c LIT |d 2012-04-13 |g 350.00 |l 0 |o 894.811 ILA/C |p SSS06162 |r 2012-04-13 |w 2012-04-13 |y BK | ||